000 00362 a2200169 4500
001 72968
020 _a9788526274242
040 _cAnchieta - Colégio São Paulo
100 _aPires, Valquíria
240 1 0 _aGeografia
_lpor
245 1 0 _aGeografia
300 _a224
362 0 _a2010
440 1 _aScipione
650 4 _aGeografia e viagens
942 _cBK
999 _c72968
_d72968